Normal view MARC view
  • Nursing Management

Entry Geographic Name

Number of records used in: 1

001 - CONTROL NUMBER

  • control field: 216756

003 - CONTROL NUMBER IDENTIFIER

  • control field: OSt

005 - DATE AND TIME OF LATEST TRANSACTION

  • control field: 20260220103005.0

008 - FIXED-LENGTH DATA ELEMENTS

  • fixed length control field: 260220|| aca||aabn | a|a d

040 ## - CATALOGING SOURCE

  • Original cataloging agency: OSt
  • Transcribing agency: OSt

151 ## - HEADING--GEOGRAPHIC NAME

  • Geographic name: Nursing Management

670 ## - SOURCE DATA FOUND

  • Source citation: Work cat.: (OSt)367813: Rohini, T. 213131, Textbook of Nursing Management And Leadership , 2021